| 000 | 00535nam a22001697a 4500 | ||
|---|---|---|---|
| 003 | SGT | ||
| 020 | _a9788122430561 | ||
| 082 | _a535.58, LAU | ||
| 100 | _aLAUD B.B. | ||
| 245 | _aLASERS AND NON - LINEAR OPTICS | ||
| 250 | _a3RD | ||
| 260 |
_aNEW DELHI _bNEW AGE _c2015 |
||
| 300 | _a289 | ||
| 650 | _aLIGHT AND RELATED RADIATION | ||
| 653 | _aINTRODUCTION, EINSTEIN' QUANTUM THEORY OF RADIATION , INTERACTION OF RADIATION WITH MATTER, MASERS, BASIC PRINCIPLE OF LASERS, SOLID STATE LASERS, GAS LASERS, | ||
| 942 |
_2ddc _cFPS _09 |
||
| 999 |
_c9268 _d9268 |
||